[Event "Krakow Malopolski-chB"]
[Site "Krakow"]
[Date "2014.05.03"]
[Round "8"]
[White "Kepowicz, Artur"]
[Black "Lenda, Lukasz"]
[Result "1-0"]
[WhiteElo "1775"]
[BlackElo "1817"]
[PlyCount "65"]
[EventDate "2014.04.27"]
[EventType "swiss"]
[EventRounds "9"]
[EventCountry "POL"]
[SourceTitle "CBM 160 Extra"]
[Source "ChessBase"]
[SourceDate "2014.07.01"]
[SourceVersion "1"]
[SourceVersionDate "2014.07.01"]
[SourceQuality "1"]

1. e4 c5 2. Nf3 d6 3. d4 cxd4 4. Nxd4 Nf6 5. Nc3 a6 6. Be2 e6 7. 0-0 Be7 8. f4 Qc7 9. f5 e5 10. Nb3 b5 11. Bf3 Bb7 12. Bg5 Nbd7 13. a3 h6 14. Be3 Nc5 15. Nxc5 dxc5 16. Bf2 Rd8 17. Qe2 0-0 18. Rfd1 g6 19. Bg3 Bd6 20. Rf1 b4 21. Nd1 gxf5 22. Bh4 Nxe4 23. Bxd8 Rxd8 24. Nf2 Nxf2 25. Bxb7 e4 26. Qxf2 Bxh2+ 27. Kh1 bxa3 28. Rxa3 e3 29. Rxe3 f4 30. Rh3 Bg3 31. Qf3 Rb8 32. Be4 Qe5 33. Rxg3+ 1-0

[Event "Krakow Malopolski-chB"]
[Site "Krakow"]
[Date "2014.04.29"]
[Round "3"]
[White "Lenda, Lukasz"]
[Black "Golenia, Wojciech"]
[Result "1/2-1/2"]
[WhiteElo "1817"]
[BlackElo "1580"]
[PlyCount "98"]
[EventDate "2014.04.27"]
[EventType "swiss"]
[EventRounds "9"]
[EventCountry "POL"]
[SourceTitle "CBM 160 Extra"]
[Source "ChessBase"]
[SourceDate "2014.07.01"]
[SourceVersion "1"]
[SourceVersionDate "2014.07.01"]
[SourceQuality "1"]

1. b4 e6 2. Bb2 Nf6 3. a3 c5 4. bxc5 Bxc5 5. d4 Qb6 6. Bc3 Be7 7. e3 0-0 8. Bd3 d5 9. Nd2 Bd7 10. Ngf3 Rc8 11. Rb1 Qc7 12. Bb2 Ba4 13. Rc1 Nbd7 14. 0-0 b5 15. Qe2 Qb6 16. c3 a6 17. e4 dxe4 18. Nxe4 Nd5 19. g3 Nf8 20. Ne5 f6 21. Nf3 Qa5 22. c4 bxc4 23. Bxc4 Bb5 24. Bxb5 Qxb5 25. Qd2 Qb3 26. Kg2 Bxa3 27. Bxa3 Qxa3 28. Nc5 Qb4 29. Qd3 Ng6 30. Qe4 Re8 31. Nxe6 Qd6 32. Rc5 Rad8 33. Rfc1 Rxe6 34. Qb1 Nge7 35. Qa2 Kf8 36. Qa5 Qb6 37. Qa3 Qb7 38. Qa4 Re2 39. Qa5 Re8 40. Kg1 Nf4 41. d5 Nfxd5 42. Nd4 Re4 43. Qd2 Qb4 44. Qxb4 Nxb4 45. R5c4 Nd3 46. R1c3 Ne5 47. Ne6+ Kf7 48. Rxe4 Kxe6 49. f4 Kf5 1/2-1/2

[Event "Krakow Malopolski-chB"]
[Site "Krakow"]
[Date "2014.04.28"]
[Round "2"]
[White "Stanuch, Marcin"]
[Black "Lenda, Lukasz"]
[Result "1/2-1/2"]
[WhiteElo "1605"]
[BlackElo "1817"]
[PlyCount "57"]
[EventDate "2014.04.27"]
[EventType "swiss"]
[EventRounds "9"]
[EventCountry "POL"]
[SourceTitle "CBM 160 Extra"]
[Source "ChessBase"]
[SourceDate "2014.07.01"]
[SourceVersion "1"]
[SourceVersionDate "2014.07.01"]
[SourceQuality "1"]

1. e4 c5 2. Nf3 d6 3. d4 cxd4 4. Nxd4 Nf6 5. Nc3 a6 6. Bg5 e6 7. f4 Be7 8. Qf3 Qc7 9. 0-0-0 Nc6 10. Be2 Nxd4 11. Rxd4 b5 12. e5 Bb7 13. Qg3 dxe5 14. fxe5 Bc5 15. Rdd1 Ne4 16. Nxe4 Bxe4 17. Bd3 Bd5 18. a3 b4 19. axb4 Bxb4 20. Bd2 Bxd2+ 21. Kxd2 0-0 22. Ra1 Rfd8 23. Ra3 Qb6 24. Kc1 Rab8 25. b3 a5 26. Rf1 Rdc8 27. Kb1 g6 28. Qf2 Qb7 29. Ba6 1/2-1/2

[Event "Krakow Malopolski-chB"]
[Site "Krakow"]
[Date "2014.04.27"]
[Round "1"]
[White "Lenda, Lukasz"]
[Black "Przybycien, Michal"]
[Result "1-0"]
[WhiteElo "1817"]
[BlackElo "1565"]
[PlyCount "95"]
[EventDate "2014.04.27"]
[EventType "swiss"]
[EventRounds "9"]
[EventCountry "POL"]
[SourceTitle "CBM 160 Extra"]
[Source "ChessBase"]
[SourceDate "2014.07.01"]
[SourceVersion "1"]
[SourceVersionDate "2014.07.01"]
[SourceQuality "1"]

1. b4 d5 2. Bb2 Nf6 3. e3 Bg4 4. Nf3 Nbd7 5. d4 e6 6. a3 a5 7. b5 c5 8. c4 Nb6 9. Nbd2 Rc8 10. Rc1 cxd4 11. exd4 Bxf3 12. Qxf3 dxc4 13. Nxc4 Nbd5 14. Bd3 Be7 15. 0-0 0-0 16. g4 Ne8 17. Qe4 Ndf6 18. Qe2 Nd6 19. Ne5 Nd5 20. f4 Rxc1 21. Bxc1 Nc3 22. Qb2 Ndxb5 23. Bxb5 Qxd4+ 24. Rf2 Bh4 25. Bf1 Rc8 26. Nd3 Qa7 27. Qc2 Rc6 28. Qd2 Ne4 29. Qe3 Bxf2+ 30. Nxf2 Qxe3 31. Bxe3 Nxf2 32. Bxf2 Rc3 33. a4 Rf3 34. Bg3 Kf8 35. Be2 Ra3 36. Bb5 f5 37. g5 Ra1+ 38. Kf2 Rd1 39. Ke2 Rd6 40. Be1 b6 41. Bc3 Rd8 42. h4 g6 43. Bd3 Kf7 44. Ke3 Rc8 45. Bd4 Rb8 46. Bb5 Ke7 47. Bd3 Kd6 48. Be5+ 1-0

[Event "Koszalin op"]
[Site "Koszalin"]
[Date "2008.06.09"]
[Round "3"]
[White "Stala, Grzegorz"]
[Black "Lenda, Lukasz"]
[Result "1-0"]
[WhiteElo "1993"]
[BlackElo "1927"]
[PlyCount "93"]
[EventDate "2008.06.07"]
[EventType "swiss"]
[EventRounds "9"]
[EventCountry "POL"]
[SourceTitle "EXT 2009"]
[Source "ChessBase"]
[SourceDate "2008.11.26"]
[SourceVersion "1"]
[SourceVersionDate "2008.11.26"]
[SourceQuality "1"]

1. d4 Nf6 2. Nf3 g6 3. c4 Bg7 4. Nc3 0-0 5. e4 d6 6. Be2 e5 7. d5 a5 8. Bg5 h6 9. Bh4 Nbd7 10. Nd2 Nc5 11. 0-0 g5 12. Bg3 Nfxe4 13. Ndxe4 Nxe4 14. Nxe4 f5 15. Nc3 f4 16. Bd3 Bd7 17. f3 fxg3 18. hxg3 Qe7 19. Ne4 b6 20. g4 Rf4 21. Qe2 Re8 22. b3 c6 23. Rad1 c5 24. g3 Rff8 25. Bc2 Bf6 26. Qd3 Rf7 27. Kg2 Rb8 28. Rh1 Bg7 29. a4 Be8 30. Nd2 Qf6 31. Qh7+ Kf8 32. Bf5 Bd7 33. Bg6 Be8 34. Rdf1 Rd7 35. Bf5 Rf7 36. Ne4 Qd8 37. Be6 Rbb7 38. Rxh6 Bf6 39. Rxf6 Qxf6 40. Bxf7 Qxf7 41. Qh6+ Qg7 42. Qxd6+ Qe7 43. Rh1 Qxd6 44. Nxd6 Rd7 45. Nxe8 Kxe8 46. Rh8+ Ke7 47. Rh7+ 1-0

[Event "POL-ch Teachers"]
[Site "Krakow"]
[Date "2008.05.24"]
[Round "7.7"]
[White "Lenda, Lukasz"]
[Black "Golabiewski, Adam"]
[Result "1-0"]
[WhiteElo "1927"]
[BlackElo "1795"]
[PlyCount "99"]
[EventDate "2008.05.22"]
[EventType "swiss"]
[EventRounds "9"]
[EventCountry "POL"]
[SourceTitle "EXT 2023"]
[Source "ChessBase"]
[SourceDate "2022.10.05"]
[SourceVersion "1"]
[SourceVersionDate "2022.10.05"]
[SourceQuality "1"]

1. e4 c5 2. Nf3 e6 3. d4 cxd4 4. Nxd4 Nf6 5. Nc3 Nc6 6. Be3 Bb4 7. Bd3 d5 8. Nxc6 bxc6 9. exd5 cxd5 10. Bd2 0-0 11. 0-0 Bb7 12. a3 Bd6 13. Kh1 e5 14. f3 a6 15. b4 Nd7 16. b5 a5 17. Bf5 Nb6 18. a4 Nc4 19. Bc1 Bc7 20. Re1 Re8 21. Re2 Qd6 22. Qe1 Rad8 23. Bg5 f6 24. Bh4 g6 25. Bd3 Nb2 26. Bf2 Nxd3 27. cxd3 Kf7 28. Qg1 d4 29. Ne4 Qb4 30. Rc2 Bb6 31. Qd1 Bd5 32. Rb1 Qa3 33. Ra1 Qb4 34. Be1 Qe7 35. Nd2 f5 36. Nc4 Bxc4 37. Rxc4 e4 38. fxe4 fxe4 39. dxe4 Qxe4 40. Bf2 Re6 41. Qf1 Rf6 42. Rc6 Qf5 43. Rxf6+ Qxf6 44. Bh4 Qxf1+ 45. Rxf1+ Ke6 46. Rf6+ Kd5 47. Rxb6 Rc8 48. Rc6 Rxc6 49. bxc6 Kxc6 50. Bd8 1-0

[Event "POL-ch Teachers"]
[Site "Krakow"]
[Date "2008.05.24"]
[Round "6.11"]
[White "Szydlowski, Wiktor"]
[Black "Lenda, Lukasz"]
[Result "0-1"]
[WhiteElo "1889"]
[BlackElo "1927"]
[PlyCount "136"]
[EventDate "2008.05.22"]
[EventType "swiss"]
[EventRounds "9"]
[EventCountry "POL"]
[SourceTitle "EXT 2023"]
[Source "ChessBase"]
[SourceDate "2022.10.05"]
[SourceVersion "1"]
[SourceVersionDate "2022.10.05"]
[SourceQuality "1"]

1. e4 c5 2. Nf3 d6 3. g3 Nf6 4. Nc3 Nc6 5. Bg2 e5 6. h3 a6 7. 0-0 b5 8. d3 Be7 9. Ne2 h6 10. Be3 g5 11. Nd2 g4 12. h4 Qc7 13. c3 Nh5 14. d4 c4 15. b3 Na5 16. b4 Nc6 17. a4 Bb7 18. a5 Bd8 19. Kh2 Ne7 20. f4 Ng6 21. dxe5 dxe5 22. fxe5 Nxe5 23. Rf5 Ng7 24. Bb6 Qd6 25. Bc5 Qb8 26. Rxe5+ Qxe5 27. Bd4 Qc7 28. Bxg7 Rh7 29. Bd4 Bxh4 30. Nf4 h5 31. Qf1 Bg5 32. e5 h4 33. Ne4 hxg3+ 34. Kg1 Be7 35. Re1 0-0-0 36. Bb6 Qxe5 37. Bxd8 Kxd8 38. Nxg3 Qxc3 39. Nfe2 Qe3+ 40. Qf2 Qxf2+ 41. Kxf2 Rh2 42. Nf4 Bxg2 43. Nxg2 Bxb4 44. Rd1+ Kc7 45. Ne4 Bxa5 46. Ra1 f5 47. Rxa5 Kb6 48. Ra1 fxe4 49. Kg3 Rh3+ 50. Kxg4 Rb3 51. Kf4 a5 52. Kxe4 a4 53. Ne3 Kc5 54. Nc2 Rb2 55. Ne3 Rd2 56. Nf1 Rd3 57. Ne3 a3 58. Rc1 a2 59. Ra1 Rd2 60. Nd1 b4 61. Ke3 Rd3+ 62. Ke2 b3 63. Nb2 Rh3 64. Nd1 Kb4 65. Rc1 Rh2+ 66. Ke1 Rh1+ 67. Kd2 Rxd1+ 68. Kxd1 b2 0-1

[Event "POL-ch Teachers"]
[Site "Krakow"]
[Date "2008.05.23"]
[Round "5.10"]
[White "Czyzykiewicz, Rafal"]
[Black "Lenda, Lukasz"]
[Result "1-0"]
[WhiteElo "1817"]
[BlackElo "1927"]
[PlyCount "61"]
[EventDate "2008.05.22"]
[EventType "swiss"]
[EventRounds "9"]
[EventCountry "POL"]
[SourceTitle "EXT 2023"]
[Source "ChessBase"]
[SourceDate "2022.10.05"]
[SourceVersion "1"]
[SourceVersionDate "2022.10.05"]
[SourceQuality "1"]

1. e4 c5 2. a3 d6 3. b4 Nf6 4. Nc3 g6 5. Bb2 Bg7 6. Nd5 0-0 7. Nxf6+ exf6 8. Nf3 d5 9. d3 Re8 10. Be2 cxb4 11. 0-0 bxa3 12. Rxa3 dxe4 13. dxe4 Qxd1 14. Rxd1 Nc6 15. Bb5 Bg4 16. h3 Be6 17. Nd4 Red8 18. c3 Ne5 19. Rda1 a6 20. f4 Nd7 21. Nxe6 fxe6 22. Bc4 Nc5 23. f5 Kf7 24. Ra5 Bf8 25. fxe6+ Nxe6 26. Rf1 b5 27. Bd5 Bc5+ 28. Kh1 Ra7 29. c4 Rxd5 30. exd5 Nd4 31. Bxd4 1-0

[Event "Krakow Malopolski-chA"]
[Site "Krakow"]
[Date "2008.05.03"]
[Round "8.11"]
[White "Podolsky, Anton"]
[Black "Lenda, Lukasz"]
[Result "1-0"]
[WhiteElo "2016"]
[BlackElo "1927"]
[PlyCount "59"]
[EventDate "2008.04.28"]
[EventType "swiss"]
[EventRounds "9"]
[EventCountry "POL"]
[SourceTitle "EXT 2023"]
[Source "ChessBase"]
[SourceDate "2022.10.05"]
[SourceVersion "1"]
[SourceVersionDate "2022.10.05"]
[SourceQuality "1"]

1. e4 c5 2. Nf3 d6 3. d4 cxd4 4. Nxd4 Nf6 5. Nc3 a6 6. Bc4 e6 7. Bb3 b5 8. f3 Qc7 9. Be3 Nc6 10. Nxc6 Qxc6 11. a4 Bd7 12. axb5 axb5 13. 0-0 Be7 14. Rxa8+ Qxa8 15. Qd3 Qc6 16. Ra1 0-0 17. Ra7 Bd8 18. Ne2 Bb6 19. Bxb6 Qxb6+ 20. Qd4 Qxd4+ 21. Nxd4 Rb8 22. g4 g5 23. h4 h6 24. hxg5 hxg5 25. Ra6 Ne8 26. Ra7 Bc8 27. Nc6 Rb7 28. Ne7+ Rxe7 29. Rxe7 Kf8 30. Ra7 1-0

[Event "Krakow op-C"]
[Site "Krakow"]
[Date "2005.12.30"]
[Round "4"]
[White "Platek, Albert"]
[Black "Lenda, Lukasz"]
[Result "0-1"]
[WhiteElo "1600"]
[BlackElo "1600"]
[PlyCount "32"]
[EventDate "2005.12.27"]
[EventType "swiss"]
[EventRounds "9"]
[EventCountry "POL"]
[SourceTitle "CBM 110 Extra"]
[Source "ChessBase"]
[SourceDate "2006.03.10"]
[SourceVersion "2"]
[SourceVersionDate "2006.03.10"]
[SourceQuality "1"]

1. e4 c5 2. Nf3 d6 3. d4 cxd4 4. Nxd4 Nf6 5. Nc3 a6 6. Bd3 e6 7. Bg5 Be7 8. f4 0-0 9. Qe2 Nc6 10. Nxc6 bxc6 11. 0-0-0 d5 12. exd5 cxd5 13. Rhe1 Rb8 14. f5 Qa5 15. Qe5 Nd7 16. Qxb8 Bxg5+ 0-1